000 00505nam a22001817a 4500
008 171026b xxu||||| |||| 00| p tur d
020 _a9759056054
041 _atur
050 _aPL219
100 _aCengiz, Metin
_950
245 _aŞiir Din ve Cinsellik
250 _a1. baskı
260 _aİstanbul
_bDigraf Yayıncılık, Şiirden
_cOcak 2005
300 _a87 Sayfa
500 _aDigraf Yayıncılık :02; Deneme Eleştirme İnceleme : 01
650 0 _9145
_aTürk Edebiyatı
942 _2lcc
_cBK
999 _c1591
_d1566